| 000 | 00898nam a22002535i 4500 | ||
|---|---|---|---|
| 001 | 168771 | ||
| 003 | ES-MaACL | ||
| 005 | 20230906213903.0 | ||
| 008 | 080604s2001 sp |||| | spa d | ||
| 020 | _a84-7664-713-1 | ||
| 080 | _a73 Fernández, Armand Pierre (064.3) | ||
| 080 | _a75 Fernández, Armand Pierre (064.3) | ||
| 100 | 1 |
_aArman. _9137879 |
|
| 245 | 1 | 0 |
_aArman _b: exposición organizada por la Galerie Nationale du Jeu de Paume en colaboración con la Fundación "la Caixa", del 19 de enero al 1 de abril de 2001. |
| 250 | _a1ª ed. | ||
| 260 |
_aBarcelona : _bFundación "la Caixa", _c[2001] |
||
| 300 |
_a142 p. : _bil. col. ; _c30 cm. |
||
| 600 | 1 | 4 |
_aArman- _vExposiciones. _9137880 |
| 655 | 7 |
_2tgfbne _9193628 _aCatálogos de exposiciones |
|
| 710 | 2 |
_aFundació "la Caixa" _9173255 |
|
| 852 | 4 |
_aES-MaACL _jL-29466 |
|
| 942 | _2udc | ||
| 999 |
_c168771 _d168771 |
||